Instituições de direito Romano.
সংরক্ষণ করুন:
| প্রধান লেখক: | |
|---|---|
| বিন্যাস: | গ্রন্থ |
| প্রকাশিত: |
São Paulo, Brasil:
Max Limond,
1979
|
| সংস্করন: | 4.ª Edição, revista e aumentada. |
| বিষয়গুলি: | |
| ট্যাগগুলো: |
ট্যাগ যুক্ত করুন
কোনো ট্যাগ নেই, প্রথমজন হিসাবে ট্যাগ করুন!
|
MARC
| LEADER | 00000nam a2200000 a 4500 | ||
|---|---|---|---|
| 001 | UCR1428 | ||
| 003 | CL-VaPUC | ||
| 005 | 20220822114545.0 | ||
| 008 | 220705t1971 ||||| |||| 00| 0 eng d | ||
| 999 | |c 436696 |d 436694 | ||
| 040 | |c Pontificia Universidad Católica de Valparaíso | ||
| 082 | 7 | |a 340.54 MEI 1979 |2 22 | |
| 100 | |a Meira, Silvio A.B. |e autor |9 398502 | ||
| 245 | |a Instituições de direito Romano. | ||
| 250 | |a 4.ª Edição, revista e aumentada. | ||
| 260 | 0 | 3 | |a São Paulo, Brasil: |b Max Limond, |c 1979 |
| 300 | |a 2 volúmenes. | ||
| 500 | |a v.1-v.2. c.1 Donación Familia Prof. Alejandro Guzmán Brito. | ||
| 500 | |a Parte geral, direito de família, direito das coisas, direito das obrigações, direito das sucessões. | ||
| 583 | |a last modification |c 20161026 12:03:54 |k Cristina María Rojas Aguilar | ||
| 650 | |a Derecho romano |x Instituciones |9 869843 | ||
| 650 | |a Derecho de familia |9 255603 | ||
| 942 | |c BK |2 ddc |n 0 | ||
| 952 | |0 0 |1 0 |2 ddc |4 0 |6 340_540000000000000_MEI_1979 |7 0 |8 C_AGB |9 584389 |a BIBDER |b BIBDER |d 2022-07-05 |e Donación |h v.1 |i 5652512 |o 340.54 MEI 1979 |p 5652512 |r 2023-01-25 |t 1 |w 2022-07-05 |y BK_US |k AGB | ||
| 952 | |0 0 |1 0 |2 ddc |4 0 |6 340_540000000000000_MEI_1979 |7 0 |8 C_AGB |9 584390 |a BIBDER |b BIBDER |d 2022-07-05 |e Donación |h v.2 |i 5652513 |o 340.54 MEI 1979 |p 5652513 |r 2023-01-25 |t 1 |w 2022-07-05 |y BK_US |k AGB | ||